[Event "Wiesbaden op 32nd"]
[Site "Wiesbaden"]
[Date "2023.08.27"]
[Round "7"]
[White "Gerber, Ingo"]
[Black "Stegner, Marco"]
[Result "0-1"]
[WhiteElo "1533"]
[BlackElo "1824"]
[PlyCount "50"]
[EventDate "2023.08.24"]
[EventType "swiss"]
[EventRounds "7"]
[EventCountry "GER"]
[SourceTitle "CBM 216 Extra"]
[Source "ChessBase"]
[SourceDate "2023.11.30"]
[SourceVersion "1"]
[SourceVersionDate "2023.11.30"]
[SourceQuality "1"]

1. d4 g6 2. Bf4 Bg7 3. Nf3 d6 4. e3 Nf6 5. Nbd2 0-0 6. c3 Nfd7 7. Bc4 e5 8. Bg5 Qe8 9. dxe5 Nxe5 10. Nxe5 Qxe5 11. Nf3 Qc5 12. Qd5 Qb6 13. Qd2 Bg4 14. Nd4 Qc5 15. h3 Bd7 16. Bxf7+ Rxf7 17. Bh4 Nc6 18. 0-0 Raf8 19. Rac1 Qh5 20. Bg3 Be5 21. Nxc6 Bxc6 22. Bxe5 Qxe5 23. Qd4 Qg5 24. Qg4 Qd5 25. c4 Qd2 0-1

[Event "Wiesbaden op 32nd"]
[Site "Wiesbaden"]
[Date "2023.08.26"]
[Round "4"]
[White "Hellmann, Alexander"]
[Black "Gerber, Ingo"]
[Result "0-1"]
[WhiteElo "1156"]
[BlackElo "1533"]
[PlyCount "32"]
[EventDate "2023.08.24"]
[EventType "swiss"]
[EventRounds "7"]
[EventCountry "GER"]
[SourceTitle "CBM 216 Extra"]
[Source "ChessBase"]
[SourceDate "2023.11.30"]
[SourceVersion "1"]
[SourceVersionDate "2023.11.30"]
[SourceQuality "1"]

1. e4 e5 2. Nf3 Nf6 3. Bc4 Be7 4. d3 d6 5. Be3 Bg4 6. Nbd2 Nc6 7. c3 d5 8. exd5 Nxd5 9. 0-0 0-0 10. Qc2 a6 11. d4 exd4 12. Nxd4 Nxd4 13. Bxd4 c5 14. Be5 b5 15. Bd3 g6 16. c4 Nb4 0-1

[Event "Wiesbaden op 30th"]
[Site "Wiesbaden"]
[Date "2018.08.26"]
[Round "6"]
[White "Stork, Christopher"]
[Black "Gerber, Ingo"]
[Result "1-0"]
[WhiteElo "1720"]
[BlackElo "1516"]
[PlyCount "93"]
[EventDate "2018.08.23"]
[EventType "swiss"]
[EventRounds "7"]
[EventCountry "GER"]
[SourceTitle "CBM 186 Extra"]
[Source "ChessBase"]
[SourceDate "2018.08.24"]
[SourceVersion "1"]
[SourceVersionDate "2018.08.24"]
[SourceQuality "1"]

1. e4 e5 2. Nf3 Nf6 3. Nxe5 Qe7 4. Nf3 Nxe4 5. Be2 d5 6. 0-0 Nc6 7. Nc3 Be6 8. Re1 Nxc3 9. dxc3 0-0-0 10. Be3 Kb8 11. Bb5 Qd6 12. b4 b6 13. Qd2 Nxb4 14. cxb4 Qxb4 15. Nd4 Bd7 16. Qxb4 Bxb4 17. Bxd7 Bxe1 18. Nc6+ Kb7 19. Nxd8+ Rxd8 20. Bf5 Bc3 21. Rd1 g6 22. Bg4 c6 23. Kf1 f5 24. Bf3 d4 25. Bd2 Bxd2 26. Rxd2 Kc7 27. Re2 Rd7 28. g4 d3 29. cxd3 Rxd3 30. Kg2 fxg4 31. Bxg4 Rd4 32. h3 h5 33. Bf3 Rd6 34. Re7+ Rd7 35. Rxd7+ Kxd7 36. Be4 g5 37. Kf3 Kd6 38. Bg6 g4+ 39. hxg4 hxg4+ 40. Kxg4 a5 41. Kf4 b5 42. Ke4 c5 43. Bf7 Ke7 44. Bb3 Kd6 45. Bc2 Ke6 46. f4 Kd6 47. Kf5 1-0

[Event "Wiesbaden op 30th"]
[Site "Wiesbaden"]
[Date "2018.08.24"]
[Round "2"]
[White "Gerber, Ingo"]
[Black "Rowland, Anthony"]
[Result "1-0"]
[WhiteElo "1516"]
[BlackElo "1832"]
[PlyCount "123"]
[EventDate "2018.08.23"]
[EventType "swiss"]
[EventRounds "7"]
[EventCountry "GER"]
[SourceTitle "CBM 186 Extra"]
[Source "ChessBase"]
[SourceDate "2018.08.24"]
[SourceVersion "1"]
[SourceVersionDate "2018.08.24"]
[SourceQuality "1"]

1. d4 Nf6 2. Bf4 d5 3. Nf3 c5 4. c3 Nc6 5. e3 e6 6. Bb5 Bd7 7. Qc1 a6 8. Ba4 b5 9. Bc2 Be7 10. h3 0-0 11. Nbd2 Rc8 12. Qb1 cxd4 13. exd4 h6 14. a3 Nh7 15. Bh2 Nf6 16. 0-0 Be8 17. Re1 Bd6 18. Ne5 Bxe5 19. dxe5 Nd7 20. Nf3 Nb6 21. Bh7+ Kh8 22. Bd3 Qc7 23. Qd1 Nc4 24. Bxc4 bxc4 25. Nd4 Rb8 26. Rb1 Na5 27. Nf5 exf5 28. e6 f4 29. e7 Rg8 30. Qxd5 Rb5 31. Qd8 Qc6 32. Bxf4 Bd7 33. Rbd1 Be8 34. Rd6 Qb7 35. a4 Rf5 36. Rb6 Qd7 37. Be5 Nc6 38. Bc7 Rd5 39. Qxd7 Bxd7 40. Rxa6 Re8 41. a5 Rxe7 42. Ra8+ Kh7 43. Rxe7 Nxe7 44. a6 Rc5 45. Bd6 Rc8 46. Ra7 Bxh3 47. Rxe7 Be6 48. a7 Bd5 49. Bb8 Kg8 50. f3 Kf8 51. Re5 Ba8 52. Kf2 f6 53. Re4 Kf7 54. Rd4 Ke6 55. Rd6+ Ke7 56. g4 Rc5 57. Rd2 Ke6 58. Kg3 Rc6 59. f4 g6 60. Rd4 f5 61. Rd8 Ke7 62. Rh8 1-0

[Event "Hofheim Spring op-B 6th"]
[Site "Hofheim"]
[Date "2018.04.05"]
[Round "5"]
[White "Spelleken, Hans Gerd"]
[Black "Gerber, Ingo"]
[Result "1-0"]
[WhiteElo "1781"]
[BlackElo "1529"]
[PlyCount "85"]
[EventDate "2018.04.03"]
[EventType "swiss"]
[EventRounds "9"]
[EventCountry "GER"]
[SourceTitle "EXT 2020"]
[Source "ChessBase"]
[SourceDate "2019.10.17"]
[SourceVersion "1"]
[SourceVersionDate "2019.10.17"]
[SourceQuality "1"]

1. Nf3 d5 2. d4 Bg4 3. Bf4 Nd7 4. Nbd2 Ngf6 5. Ne5 Bf5 6. h3 h6 7. Ndf3 e6 8. g4 Be4 9. Rg1 Bxf3 10. exf3 c6 11. Bd3 g5 12. Bg3 Bg7 13. h4 Qb6 14. Rb1 Qxd4 15. Nxf7 Ne4 16. Nxh8 Nxg3 17. Bg6+ Ke7 18. Qxd4 Bxd4 19. hxg5 Rxh8 20. Rxg3 hxg5 21. Bh5 Be5 22. Rh3 Bf4 23. Ke2 Nf6 24. b4 b6 25. Rbh1 Rh7 26. Bg6 Rxh3 27. Rxh3 Kd6 28. Rh8 Kc7 29. Bf7 e5 30. Rh6 Nd7 31. Be8 Nb8 32. Rh7+ Kd8 33. Bg6 a5 34. Rb7 Kc8 35. Rxb6 axb4 36. Rxb4 Kc7 37. Bd3 Nd7 38. Kd1 Kd6 39. a4 c5 40. Rb1 c4 41. Bf5 Nc5 42. Rb4 c3 43. a5 1-0

[Event "Hofheim Spring op-B 6th"]
[Site "Hofheim"]
[Date "2018.04.04"]
[Round "3"]
[White "Gerber, Ingo"]
[Black "Fuell, Klaus Dieter"]
[Result "1-0"]
[WhiteElo "1529"]
[BlackElo "1810"]
[PlyCount "125"]
[EventDate "2018.04.03"]
[EventType "swiss"]
[EventRounds "9"]
[EventCountry "GER"]
[SourceTitle "EXT 2020"]
[Source "ChessBase"]
[SourceDate "2019.10.17"]
[SourceVersion "1"]
[SourceVersionDate "2019.10.17"]
[SourceQuality "1"]

1. d4 d5 2. Bf4 c5 3. c3 Nf6 4. Nf3 Qb6 5. Qc1 Nc6 6. e3 Nh5 7. Bg3 Nxg3 8. hxg3 Bf5 9. Nbd2 Rc8 10. dxc5 Qxc5 11. Nb3 Qb6 12. Nfd4 Nxd4 13. Nxd4 Bd7 14. Qd2 e5 15. Nf3 f6 16. Rc1 Bc6 17. Be2 Bc5 18. 0-0 0-0 19. b3 Rcd8 20. Qc2 Be8 21. b4 Be7 22. Qb2 Qe6 23. Rfe1 g5 24. c4 Bf7 25. cxd5 Qxd5 26. Bc4 Qe4 27. Bxf7+ Rxf7 28. a3 h5 29. Qb3 Kg7 30. Rc4 Qf5 31. e4 Qe6 32. Rec1 Rc8 33. Qd3 Rd8 34. Qe3 a6 35. Rc7 Bd6 36. Rxf7+ Qxf7 37. Qb6 Qe7 38. Qe3 Bb8 39. Qe2 Kg6 40. Rc5 Ba7 41. Rd5 Rc8 42. Qd2 Rc7 43. Kf1 Qe8 44. Kg1 Qc8 45. Rd6 Kf7 46. Qd5+ Ke7 47. Nxg5 Rc6 48. Rxc6 Qxc6 49. Qf7+ Kd8 50. Ne6+ Kc8 51. Qxf6 Qe8 52. Qxe5 Qg6 53. Qf5 Qxf5 54. exf5 Kd7 55. Nf4 Bd4 56. Nxh5 Bb2 57. a4 Bc3 58. b5 axb5 59. axb5 Kc7 60. f6 Kb6 61. g4 Kxb5 62. g5 Kc6 63. g6 1-0

[Event "Hofheim Spring op-B 6th"]
[Site "Hofheim"]
[Date "2018.04.03"]
[Round "1"]
[White "Reuter, Elisa"]
[Black "Gerber, Ingo"]
[Result "1-0"]
[WhiteElo "1842"]
[BlackElo "1529"]
[PlyCount "107"]
[EventDate "2018.04.03"]
[EventType "swiss"]
[EventRounds "9"]
[EventCountry "GER"]
[SourceTitle "EXT 2020"]
[Source "ChessBase"]
[SourceDate "2019.10.17"]
[SourceVersion "1"]
[SourceVersionDate "2019.10.17"]
[SourceQuality "1"]

1. e4 e5 2. Nf3 Nf6 3. Nxe5 Qe7 4. d4 d6 5. Nf3 Nxe4 6. Qe2 d5 7. Nc3 Nxc3 8. bxc3 Nc6 9. Rb1 b6 10. Qxe7+ Nxe7 11. Bf4 c6 12. Bd3 f6 13. 0-0 Kf7 14. Rfe1 Bf5 15. Nd2 Bxd3 16. cxd3 Ng6 17. Bg3 Rd8 18. Re2 Bd6 19. Rbe1 Bxg3 20. fxg3 Rhe8 21. Kf2 Rxe2+ 22. Rxe2 Rd6 23. Nb3 Re6 24. Rd2 Ne7 25. Na1 Nf5 26. Nc2 h5 27. h3 Nd6 28. a4 a5 29. Ne3 g6 30. Rb2 b5 31. axb5 Nxb5 32. Nxd5 Rd6 33. c4 Nxd4 34. Nf4 Rd7 35. Ra2 Ra7 36. Ne2 Nb3 37. Ra3 a4 38. Nc3 Nc5 39. Ke3 Re7+ 40. Kd2 Nb3+ 41. Kc2 Nd4+ 42. Kb2 Rb7+ 43. Kc1 Rb3 44. Rxb3 axb3 45. Kb2 Ke6 46. Ne4 Ke5 47. Nc5 Ne2 48. Nxb3 Nxg3 49. Na5 c5 50. Nb7 Kd4 51. Kc2 Nf5 52. Nd8 Ne3+ 53. Kd2 Nxg2 54. Nc6# 1-0

[Event "Rhein Main op-B 20th"]
[Site "Bad Homburg"]
[Date "2017.06.15"]
[Round "2"]
[White "Ross, Norbert"]
[Black "Gerber, Ingo"]
[Result "1-0"]
[WhiteElo "1826"]
[BlackElo "1498"]
[PlyCount "65"]
[EventDate "2017.06.14"]
[EventType "swiss"]
[EventRounds "7"]
[EventCountry "GER"]
[SourceTitle "EXT 2018"]
[Source "ChessBase"]
[SourceDate "2017.10.13"]
[SourceVersion "1"]
[SourceVersionDate "2017.10.13"]
[SourceQuality "1"]

1. d4 Nf6 2. c4 e6 3. Nc3 Bb4 4. e3 Nc6 5. Bd3 d5 6. Nf3 dxc4 7. Bxc4 Ne4 8. Qc2 Nf6 9. 0-0 Bd7 10. e4 Bxc3 11. bxc3 Na5 12. Bd3 h6 13. Ba3 b6 14. Rfe1 Qc8 15. d5 Qb7 16. Qe2 c5 17. Ne5 0-0 18. Nxd7 Qxd7 19. Bb5 Qc8 20. Ba6 Qd7 21. Bb5 Qc8 22. Rad1 a6 23. Ba4 b5 24. Bc2 Nc4 25. Bc1 exd5 26. e5 Ne4 27. f3 Nxc3 28. Qd3 Ne4 29. fxe4 Nxe5 30. Qxd5 Re8 31. Bb2 Qc7 32. Bxe5 Rxe5 33. Qxa8+ 1-0

[Event "Wiesbaden op 28th"]
[Site "Wiesbaden"]
[Date "2016.08.26"]
[Round "2"]
[White "Gerber, Ingo"]
[Black "Mao, Yvonne"]
[Result "0-1"]
[WhiteElo "1324"]
[BlackElo "1733"]
[PlyCount "36"]
[EventDate "2016.08.25"]
[EventType "swiss"]
[EventRounds "7"]
[EventCountry "GER"]
[SourceTitle "CBM 174 Extra"]
[Source "ChessBase"]
[SourceDate "2016.10.10"]
[SourceVersion "1"]
[SourceVersionDate "2016.10.10"]
[SourceQuality "1"]

1. e4 c5 2. Nf3 a6 3. d4 cxd4 4. Nxd4 Nf6 5. Nc3 e5 6. Nf3 Bb4 7. Bd3 d5 8. Bd2 Bxc3 9. Bxc3 dxe4 10. Bb5+ axb5 11. Qxd8+ Kxd8 12. Nxe5 Be6 13. 0-0-0+ Kc7 14. a3 Nd5 15. h3 Nxc3 16. bxc3 Rxa3 17. Kb2 Ra2+ 18. Kb1 Nc6 0-1